| 000 | 00336nam a22001337a 4500 | ||
|---|---|---|---|
| 003 | NUST | ||
| 005 | 20230302100919.0 | ||
| 008 | 230302b ||||| |||| 00| 0 eng d | ||
| 082 | _a297.1,MUH | ||
| 245 |
_aHuqooq / _cMuhammad Saleh Asymin |
||
| 260 |
_aKarachi, Pakistan _bShafique Sons |
||
| 300 | _a44p. | ||
| 942 |
_2ddc _cBK _k297.1,MUH |
||
| 999 |
_c593493 _d593493 |
||